000 01231nam a22002657a 4500
005 20101206113148.0
008 101206t xxu||||| |||| 00| 0 hin d
010 _aHIN-93254
020 _c250.00
_a9788188214876
035 _aHN-65600
037 _bDBAD/PUB
040 _aDPL
_bHN
082 _a220.21
100 _924598
_aश्रीवास्तव, कौमुदी
245 _aवैदिकमन्त्रमञ्ञूषा /
_cकौमुदी श्रीवास्तव एवं सुरेशचन्द्र श्रीवास्तव
260 _aइलाहाबाद
_bविभा प्रकाशन
_c2011
270 _bइलाहाबाद
_a50, चाहचन्द
_e211003
300 _a226पृ.
_c22सेमी (सजिल्द)
650 _91169
650 _929580
700 _924599
_aश्रीवास्तव, सुरेशचन्द्र
700 _924924
942 _2ddc
_cHN
_mश्रीवास्त
_h220.21
999 _c53991
_d53991